Logistika vína: dôraz na optimálnu teplotu

Ročná produkcia vína z hrozna vypestovaného na Slovensku. Ročná spotreba vína na jednu osobu v SR. Výroba vína z tuzemských surovín ako aj z dovážaných. Skladovanie vína v sudoch, tankoch a vo fľašiach. Dôležitá teplota skladovania vína, čistota a suchosť prostredia. Žiadaná vlhkosť v archívnych piv...

Descripción completa

Guardado en:
Detalles Bibliográficos
Autor principal: Brezovský, Jozef
Formato: Capítulo de libro
Lenguaje:eslovaco
Materias:
Etiquetas: Agregar Etiqueta
Sin Etiquetas, Sea el primero en etiquetar este registro!

MARC

LEADER 00000naa a2200000 4500
001 0253754
005 20190521133551.2
041 0 |a slo 
044 |a CZ 
245 1 0 |a Logistika vína: dôraz na optimálnu teplotu  |c Jozef Brezovský 
520 |a Ročná produkcia vína z hrozna vypestovaného na Slovensku. Ročná spotreba vína na jednu osobu v SR. Výroba vína z tuzemských surovín ako aj z dovážaných. Skladovanie vína v sudoch, tankoch a vo fľašiach. Dôležitá teplota skladovania vína, čistota a suchosť prostredia. Žiadaná vlhkosť v archívnych pivniciach. Výhoda skladovania vína vo fľašiach. Preprava vína vo fľašiach v kartónoch alebo v sudoch. 
610 2 0 |a víno 
610 2 0 |a produkcia 
610 2 0 |a skladovanie 
610 2 0 |a sklady 
610 2 0 |a balenie 
610 2 0 |a preprava 
610 2 0 |a logistika 
610 2 0 |a spotreba 
100 1 |a Brezovský, Jozef